000 00337nam a2200133Ia 4500
005 20251222141910.0
008 251222s9999||||xx |||||||||||||| ||spa||
082 _a289.5/L32
100 _aLazo Acosta, Jesús
245 0 _aConceptos Básicos de la Doctrina Social Cristiana
250 _a6a.ed.
264 _bDigital Press
942 _cLIB
999 _c8345
_d8345